000 00476nam a2200181Ia 4500
001 11624
005 20260306162841.0
008 260306t2021||||xx |||||||||||||| ||spa||
041 _aESP
082 _a985.6
_bA49
100 _aAlvarez Calderón Gerbolini, Annalyda,
_eAUT
245 0 _aEn búsqueda de la ciudadanía indígena :
_bPuno 1900 - 1930
260 _c2021
300 _a375 páginas :
_c24 cm.
650 _aGEN
654 _aCHU
942 _cLIB
_dJUS
_fJUS
_2ddc
_n
999 _c11624
_d11624